| 000 | 01270nam a2200337 i 4500 | ||
|---|---|---|---|
| 999 |
_c65511 _d65511 |
||
| 001 | 768714001 | ||
| 003 | CO-MdFUSB | ||
| 005 | 20200716091951.0 | ||
| 007 | ta | ||
| 008 | 200325t2013 nyu |||| |||| 00| 0 eng d | ||
| 020 | _a9781595584687 | ||
| 040 |
_aCO-MdFUSB _bspa _cCO-MdFUSB _dCO-MdFUSBC _erda |
||
| 041 | _aeng | ||
| 082 |
_223 _a232.906 _bB789 |
||
| 100 |
_aBoyarin, Daniel. _eautor |
||
| 242 | 1 |
_aLos evangelios judíos : _bLa historia del cristianismo judío. |
|
| 245 | 1 | 4 |
_aThe Jewish Gospels : _bThe Story of the Jewish Christ. _c/ Daniel Boyarin |
| 264 | 1 |
_aNueva York : _bNew Press, _c[2013] |
|
| 264 | 4 | _c© 2013 | |
| 300 |
_a200 pàginas _c; 24 cm |
||
| 336 |
_2rdacontent _atexto _btxt |
||
| 337 |
_2rdamedia _asin mediación _bn |
||
| 338 |
_2rdacarrier _avolumen _bnc |
||
| 500 | _aColección Dawn Christina Harrell | ||
| 505 | _aPrólogo / por Jack Miles. -- De hijo de Dios a hijo de hombre. -- El hijo del hombre en First Enoch y Fouz Ezra: otros mesías judíos del primer siglo. -- Jesús mantuvo kosher. -- El Cristo sufriente como un midrash en Daniel. -- Epílogo: El Evangelio judío. | ||
| 563 | _aRùstico | ||
| 630 | 0 | 7 |
_aBiblia _xCrítica, interpretación, etc. |
| 942 | _cBK | ||
| 945 | _aJTF-925 | ||